000
00333 a2200157 4500
001
179192
020
_a
040
_c
Magnum
100
_a
Gontijo, Solange Avelar Fonseca
240
1
0
_a
Malandro e o gato
_l
por
245
1
0
_a
Malandro e o gato
362
0
_a
1899
440
1
_a
RHJ
697
_a
MAGNITO: I/ANIMAIS
942
_c
BK
999
_c
179192
_d
179192